FIFA World Cup Hosts - Statistics

General Stats
  • This quiz has been taken 38 times
  • The average score is 22 of 23
Answer Stats
Year Host % Correct
2026 Canada, Mexico & United States of America
100%
2022 Qatar
100%
1994 United States of America
100%
1978 Argentina
97%
1950 Brazil
97%
2014 Brazil
97%
1966 England
97%
1938 France
97%
1998 France
97%
2006 Germany
97%
1934 Italy
97%
1990 Italy
97%
2018 Russia
97%
2002 South Korea & Japan
97%
1982 Spain
97%
1930 Uruguay
97%
1974 West Germany
97%
2010 South Africa
94%
1958 Sweden
91%
1962 Chile
85%
1970 Mexico
85%
1986 Mexico
85%
1954 Switzerland
85%
No matching quizzes found
Score Distribution
Percent of People with Each Score
Percentile by Number Answered
Your Score History
You have not taken this quiz